Pakistan in regional and global politics / (Record no. 27783)

MARC details
000 -LEADER
fixed length control field 02249nam a22003495a 4500
005 - DATE AND TIME OF LATEST TRANSACTION
control field 20090622161940.0
008 - FIXED-LENGTH DATA ELEMENTS--GENERAL INFORMATION
fixed length control field 090324s2009 ii a b 001 0 eng
010 ## - LCCN (DPL NO)
LC control number ENG-94187
020 ## - INTERNATIONAL STANDARD BOOK NUMBER
International Standard Book Number 9780415481410
Terms of availability 845.00
035 ## - SYSTEM CONTROL NUMBER
System control number EN-77720
035 ## - SYSTEM CONTROL NUMBER
System control number B-361830-834
037 ## - SOURCE OF ACQUISITION
Source of stock number/acquisition DBAD / PUB
037 ## - SOURCE OF ACQUISITION
Source of stock number/acquisition Uppal Book Store
040 ## - CATALOGING SOURCE
Original cataloging agency dpl
Language of cataloging English
082 ## - DEWEY DECIMAL CLASSIFICATION NUMBER
Classification number 954.7053
245 ## - TITLE STATEMENT
Title Pakistan in regional and global politics /
Statement of responsibility, etc edited by Rajshree Jetly
260 ## - PUBLICATION, DISTRIBUTION, ETC. (IMPRINT)
Place of publication, distribution, etc New Delhi
Name of publisher, distributor, etc Routledge
Date of publication, distribution, etc 2009
270 ## - ADDRESS
Address 912-915 Tolstory House, 15-17 Tolstoy Marg
City New Delhi
Postal code 110001
300 ## - PHYSICAL DESCRIPTION
Extent xxxv, 365p.
Dimensions 23cm(Hb)
500 ## - GENERAL NOTE
General note Includes bibliographical references and index
651 ## - SUBJECT ADDED ENTRY--GEOGRAPHIC NAME
Geographic name Pakistan
General subdivision Politics and Government
Chronological subdivision 2001-
651 ## - SUBJECT ADDED ENTRY--GEOGRAPHIC NAME
Geographic name Pakistan
General subdivision Foreign relations
700 ## - ADDED ENTRY--PERSONAL NAME
Personal name Jetly, Rajshree
942 ## - ADDED ENTRY ELEMENTS (KOHA)
Source of classification or shelving scheme Dewey Decimal Classification
Item type English Books
Call number suffix PAK
Classification part 954.7053
Holdings
Withdrawn status Lost status Source of classification or shelving scheme Damaged status Not for loan Collection code Home library Current library Date acquired Source of acquisition Cost, normal purchase price Total Checkouts Full call number Barcode Date last seen Copy number Cost, replacement price Koha item type
    Dewey Decimal Classification     Non-fiction Central Library Central Library 09/03/2010 Uppal Book Store/9020/30.1.09/138/16.10.09/30.10.09 845.00 3 954.7053 PAK B-361830 11/05/2022 1 845.00 English Books
    Dewey Decimal Classification   Not For Loan Non-fiction D.B.Act.Division D.B.Act.Division 22/06/2009 DBAD / PUB 845.00   954.7053 PAK EN-77720 22/06/2009 1 845.00 English Books
    Dewey Decimal Classification       Karol Bagh Karol Bagh 09/03/2010 Uppal Book Store/9020/30.1.09/138/16.10.09/30.10.09 845.00   954.7053 PAK B-361833 09/03/2010 1 845.00 English Books
    Dewey Decimal Classification       Patel Nagar Patel Nagar 09/03/2010 Uppal Book Store/9020/30.1.09/138/16.10.09/30.10.09 845.00   954.7053 PAK B-361831 09/03/2010 1 845.00 English Books
  Written-off vide DLB M. No. 383 dt 16.05.19 Dewey Decimal Classification       Shahdara Branch Shahdara Branch 09/03/2010 Uppal Book Store/9020/30.1.09/138/16.10.09/30.10.09 845.00   954.7053 PAK B-361834 09/03/2010 1 845.00 English Books
    Dewey Decimal Classification       Vinoba Puri Vinoba Puri 09/03/2010 Uppal Book Store/9020/30.1.09/138/16.10.09/30.10.09 845.00 4 954.7053 PAK B-361832 24/06/2022 1 845.00 English Books

© Delhi Public Library
Hit Counter
free hit counter